000 00387pab a2200169 454500
008 180718b2012 xxu||||| |||| 00| 0 eng d
100 _aTiwari, Nupur
245 _aWomen's empowerment: Women in panchayati raj
260 _c2012
300 _ap.36-40.
362 _aJun
650 _aPanchayat
650 _aWomen in politics
773 _aYojana
908 _aN
909 _a96056
999 _c96056
_d96056